Corporate accounting (Record no. 309391)

MARC details
000 -LEADER
fixed length control field 00454 a2200181 4500
005 - DATE & TIME
control field 20240404161443.0
008 - FIXED-LENGTH DATA ELEMENTS--GENERAL INFORMATION
fixed length control field 240404b |||||||| |||| 00| 0 eng d
020 ## - ISBN
International Standard Book Number 9789393525666
Price Rs. 725.00
040 ## - CATALOGING SOURCE
Original cataloging agency VIVEKANANDA LIBRARY
082 ## - DDC NUMBER
Classification number 657.95
Book Number N164C
100 ## - MAIN ENTRY--PERSONAL NAME
Personal name Narayan, Roop
245 ## - TITLE STATEMENT
Title Corporate accounting
260 ## - PUBLICATION, DISTRIBUTION, ETC. (IMPRINT)
Name of publisher, distributor, etc Arihant Books
Place of publication, distribution, etc New Delhi
Date of publication, distribution, etc 2023
300 ## - PHYSICAL DESCRIPTION
Pages vi, 292
650 ## - Subject
Subject Corporate Accounting
650 ## - Subject
Subject Accounting
942 ## - ADDED ENTRY ELEMENTS (KOHA)
Koha item type Books
Holdings
Withdrawn status Lost status Source of classification or shelving scheme Damaged status Not for loan Location (home branch) Sublocation or collection (holding branch) Date acquired Koha issues (times borrowed) Koha full call number Accession No. Koha date last seen Koha item type
    Dewey Decimal Classification     VIVEKANANDA LIBRARY VIVEKANANDA LIBRARY 20/01/2024   657.95 N164C 420280 20/01/2024 Books
© Designed and Maintained by Vivekananda Library, MDU Rohtak